000 00740nab a2200229 4500
003 BR-BrBNA
005 20241218172529.0
008 241218b bl.||||| |||| 00| 0 por d
040 _aBR-BrBNA
_bpor
072 _aF06 ; P01 ; N20
100 _aPace, Leonardo
245 _aSoluções de sistemas de irrigação para telhados verdes
500 _a9 illus.
650 _aSISTEMA DE IRRIGAÇÃO
650 _aPAISAGISMO
650 _aIRRIGAÇÃO POR GOTEJAMENTO
650 _aIRRIGAÇÃO POR ASPERSÃO
650 _aEQUIPAMENTO DE IRRIGAÇÃO
773 0 _04820
_9344820
_dVotuporanga/SP IRRIGAZINE 2009
_o2024-5148
_tIrrigazine (Brazil)
_gv. 13(48) p. 30-32; (Aug 2016)
_wBR2024004214
942 _cANA
999 _c329351
_d329351